000 00696nam a2200229Ia 4500
003 OSt
005 20220925203649.0
006 a|||||r|||| 00| 0
007 ta
008 220923b |||||||| |||| 00| 0 eng d
037 _cGeneral Book
040 _aRTL
_cRTL
_beng
041 _2eng
_aeng
082 _aX:89Q1.73.N7, L4
100 _aButler William F Ed.
_9126566
245 0 _aMethods and techniques of business forecastiong
260 _aEnglewood
_bCliffs N J Prentice Hall
_c1974
300 _axv,635p. Bib at the each chapter
_ccm.
650 _aProduction Control
942 _hX:89Q1.73.N7, L4
_cGB
_2CC
999 _c547326
_d547326